Cuentos aragoneses / (Record no. 33924)

MARC details
000 -LEADER
campo de control de longitud fija 00479nam a2200169 i 4500
001 - NÚMERO DE CONTROL
campo de control 33924
003 - IDENTIFICADOR DE NÚMERO DE CONTROL
campo de control ES-MaACL
005 - FECHA Y HORA DE LA ÚLTIMA TRANSACCIÓN
campo de control 20230908192500.0
007 - CAMPO FIJO DE DESCRIPCIÓN FÍSICA--INFORMACIÓN GENERAL
campo de control de longitud fija t|
008 - DATOS DE LONGITUD FIJA--INFORMACIÓN GENERAL
campo de control de longitud fija 030203s1901 sp ||||1| spa d
100 1# - ENTRADA PRINCIPAL--NOMBRE DE PERSONA
Nombre de persona Blasco, Eusebio,
Fechas asociadas al nombre 1844-1903
9 (RLIN) 126018
245 10 - MENCIÓN DEL TÍTULO
Título Cuentos aragoneses /
Mención de responsabilidad, etc. por Eusebio Blasco.
260 ## - PUBLICACIÓN, DISTRIBUCIÓN, ETC.
Lugar de publicación, distribución, etc. Madrid :
Nombre del editor, distribuidor, etc. [s.n.,
Fecha de publicación, distribución, etc. 1901] (
Fabricante Viuda de G. Pedraza)
300 ## - DESCRIPCIÓN FÍSICA
Extensión X, 189 p. ;
Dimensiones 19 cm.
852 ## - LOCALIZACIÓN
Ubicación ES-MaACL
Número de control de estantería B-2613
Holdings
Estatus retirado Estado de pérdida Estado de daño No para préstamo Biblioteca de origen Biblioteca actual Ubicación en estantería Fecha de adquisición Fuente de adquisición Total de préstamos Signatura topográfica completa Código de barras Visto por última vez Precio de reemplazo Tipo de ítem Koha
        Biblioteca del Ateneo de Madrid Biblioteca del Ateneo de Madrid Sala Pardo Bazán 17/01/2008     B-2613 1035342 23/02/2023 23/02/2023 Libro impreso antiguo